MD; moebel interior design.

Bibliographic Details
Previous Title:MD; Moebel - Decoration
Innenarchitektur
Format: Journal
Language:German
Published: Stuttgart : Konradin.
Subjects:
Online Availability: Check for online availability

MARC

Tag First Indicator Second Indicator Subfields
LEADER 00000cas a2200000 4500
001 in00000045456
005 20151007073105.0
008 751101c19619999gw uu p 0 ub0ger d
010 |a  59028611  
022 |a 0343-0642 
035 |a (OCoLC)01756933 
035 |9 AAE9107AM 
037 |b Konradin-Verlag Robert Kohlhammer, GMB H Daneckerstrasse 52, Stuttgart, Germany 
040 |a MUL  |c MUL  |d SUL  |d COO  |d NYG  |d UCU  |d TXA  |d UtOrBLW 
049 |a TXAE 
050 0 |a TS840.M2 
090 |a TS840  |b .M21 
245 0 0 |a MD; moebel interior design. 
264 1 |a Stuttgart :  |b Konradin. 
300 |a  volumes :  |b illustrations ;  |c 31 cm. 
336 |a text  |b txt  |2 rdacontent 
337 |a unmediated  |b n  |2 rdamedia 
338 |a volume  |b nc  |2 rdacarrier 
362 0 |a 1961- 
580 |a Formed by the union of MD; Moebel - Decoration and Innenarchitektur and continues the numbering of the latter. 
650 0 |a Furniture  |v Periodicals. 
650 0 |a Interior decoration  |v Periodicals. 
730 0 |a MD; Moebel - Decoration. 
730 0 |a Innenarchitektur. 
780 1 4 |t MD; Moebel - Decoration 
780 1 4 |t Innenarchitektur 
999 |a MARS 
999 f f |s dffa8b59-c928-381e-a7c2-ea675893acd4  |i ee6082e0-89fd-3bb5-86f9-9d3da299ec3a  |t 0 
952 f f |p ric  |a Texas A&M University  |b Rellis Campus  |c Joint Library Facility  |d Remote Storage  |t 0  |e TS840 .M21  |h Library of Congress classification  |i unmediated -- volume  |l 1974:July-Sept.  |m A14842217433 
952 f f |p ric  |a Texas A&M University  |b Rellis Campus  |c Joint Library Facility  |d Remote Storage  |t 0  |e TS840 .M21  |h Library of Congress classification  |i unmediated -- volume  |l 1976:Jan.-Mar.  |m A14842217615 
952 f f |p ric  |a Texas A&M University  |b Rellis Campus  |c Joint Library Facility  |d Remote Storage  |t 0  |e TS840 .M21  |h Library of Congress classification  |i unmediated -- volume  |l 1976:Apr.-June  |m A14842217607 
952 f f |p ric  |a Texas A&M University  |b Rellis Campus  |c Joint Library Facility  |d Remote Storage  |t 0  |e TS840 .M21  |h Library of Congress classification  |i unmediated -- volume  |l 1973:Jan.-Mar.  |m A14842217490 
952 f f |p ric  |a Texas A&M University  |b Rellis Campus  |c Joint Library Facility  |d Remote Storage  |t 0  |e TS840 .M21  |h Library of Congress classification  |i unmediated -- volume  |l 1971:Apr.-June  |m A14842217383 
952 f f |p ric  |a Texas A&M University  |b Rellis Campus  |c Joint Library Facility  |d Remote Storage  |t 0  |e TS840 .M21  |h Library of Congress classification  |i unmediated -- volume  |l 1968:July-Dec.  |m A14842217326 
952 f f |p ric  |a Texas A&M University  |b Rellis Campus  |c Joint Library Facility  |d Remote Storage  |t 0  |e TS840 .M21  |h Library of Congress classification  |i unmediated -- volume  |l 1972:Apr.-June  |m A14842217524 
952 f f |p ric  |a Texas A&M University  |b Rellis Campus  |c Joint Library Facility  |d Remote Storage  |t 0  |e TS840 .M21  |h Library of Congress classification  |i unmediated -- volume  |l 1974:Oct.-Dec.  |m A14842217425 
952 f f |p ric  |a Texas A&M University  |b Rellis Campus  |c Joint Library Facility  |d Remote Storage  |t 0  |e TS840 .M21  |h Library of Congress classification  |i unmediated -- volume  |l 1973:Oct.-Dec.  |m A14842217466 
952 f f |p ric  |a Texas A&M University  |b Rellis Campus  |c Joint Library Facility  |d Remote Storage  |t 0  |e TS840 .M21  |h Library of Congress classification  |i unmediated -- volume  |l 1971:Feb.-Mar.  |m A14842217375 
952 f f |p ric  |a Texas A&M University  |b Rellis Campus  |c Joint Library Facility  |d Remote Storage  |t 0  |e TS840 .M21  |h Library of Congress classification  |i unmediated -- volume  |l 1975:Oct.-Dec.  |m A14842217623 
952 f f |p ric  |a Texas A&M University  |b Rellis Campus  |c Joint Library Facility  |d Remote Storage  |t 0  |e TS840 .M21  |h Library of Congress classification  |i unmediated -- volume  |l 1970:July-Dec.  |m A14842217367 
952 f f |p ric  |a Texas A&M University  |b Rellis Campus  |c Joint Library Facility  |d Remote Storage  |t 0  |e TS840 .M21  |h Library of Congress classification  |i unmediated -- volume  |l 1973:Apr.-June  |m A14842217482 
952 f f |p ric  |a Texas A&M University  |b Rellis Campus  |c Joint Library Facility  |d Remote Storage  |t 0  |e TS840 .M21  |h Library of Congress classification  |i unmediated -- volume  |l 1974:Jan.-Mar.  |m A14842217458 
952 f f |p ric  |a Texas A&M University  |b Rellis Campus  |c Joint Library Facility  |d Remote Storage  |t 0  |e TS840 .M21  |h Library of Congress classification  |i unmediated -- volume  |l 1972:Jan.-Mar.  |m A14842217409 
952 f f |p ric  |a Texas A&M University  |b Rellis Campus  |c Joint Library Facility  |d Remote Storage  |t 0  |e TS840 .M21  |h Library of Congress classification  |i unmediated -- volume  |l 1975:Apr.-June  |m A14842217649 
952 f f |p ric  |a Texas A&M University  |b Rellis Campus  |c Joint Library Facility  |d Remote Storage  |t 0  |e TS840 .M21  |h Library of Congress classification  |i unmediated -- volume  |l 1973:July-Sept.  |m A14842217474 
952 f f |p ric  |a Texas A&M University  |b Rellis Campus  |c Joint Library Facility  |d Remote Storage  |t 0  |e TS840 .M21  |h Library of Congress classification  |i unmediated -- volume  |l 1976:Oct.-Dec.  |m A14842217581 
952 f f |p ric  |a Texas A&M University  |b Rellis Campus  |c Joint Library Facility  |d Remote Storage  |t 0  |e TS840 .M21  |h Library of Congress classification  |i unmediated -- volume  |l 1972:July-Sept.  |m A14842217516 
952 f f |p ric  |a Texas A&M University  |b Rellis Campus  |c Joint Library Facility  |d Remote Storage  |t 0  |e TS840 .M21  |h Library of Congress classification  |i unmediated -- volume  |l 1974:Apr.-June  |m A14842217441 
952 f f |p ric  |a Texas A&M University  |b Rellis Campus  |c Joint Library Facility  |d Remote Storage  |t 0  |e TS840 .M21  |h Library of Congress classification  |i unmediated -- volume  |l 1969:Jan.-June  |m A14842217334 
952 f f |p ric  |a Texas A&M University  |b Rellis Campus  |c Joint Library Facility  |d Remote Storage  |t 0  |e TS840 .M21  |h Library of Congress classification  |i unmediated -- volume  |l 1976:July-Sept.  |m A14842217599 
952 f f |p ric  |a Texas A&M University  |b Rellis Campus  |c Joint Library Facility  |d Remote Storage  |t 0  |e TS840 .M21  |h Library of Congress classification  |i unmediated -- volume  |l 1975:Jan.-Mar.  |m A14842217417 
952 f f |p ric  |a Texas A&M University  |b Rellis Campus  |c Joint Library Facility  |d Remote Storage  |t 0  |e TS840 .M21  |h Library of Congress classification  |i unmediated -- volume  |l 1972:Oct.-Dec.  |m A14842217508 
952 f f |p ric  |a Texas A&M University  |b Rellis Campus  |c Joint Library Facility  |d Remote Storage  |t 0  |e TS840 .M21  |h Library of Congress classification  |i unmediated -- volume  |l 1971:July-Dec.  |m A14842217391 
952 f f |p ric  |a Texas A&M University  |b Rellis Campus  |c Joint Library Facility  |d Remote Storage  |t 0  |e TS840 .M21  |h Library of Congress classification  |i unmediated -- volume  |l 1969:July-Dec.  |m A14842217342 
952 f f |p ric  |a Texas A&M University  |b Rellis Campus  |c Joint Library Facility  |d Remote Storage  |t 0  |e TS840 .M21  |h Library of Congress classification  |i unmediated -- volume  |l 1968:Jan.-June  |m A14842217318 
952 f f |p ric  |a Texas A&M University  |b Rellis Campus  |c Joint Library Facility  |d Remote Storage  |t 0  |e TS840 .M21  |h Library of Congress classification  |i unmediated -- volume  |l 1975:July-Sept.  |m A14842217631 
952 f f |p ric  |a Texas A&M University  |b Rellis Campus  |c Joint Library Facility  |d Remote Storage  |t 0  |e TS840 .M21  |h Library of Congress classification  |i unmediated -- volume  |l 1970:Jan.-June  |m A14842217359 
998 f f |a TS840 .M21  |s 1972-1976  |t 0  |l Remote Storage